000 00849nam a22002177a 4500
001 8114
003 FISKH
005 20250827090859.0
008 250827b cb ||||| |||| 00| 0 eng d
020 _a9781848106628
040 _aFISKH
_beng
_cFISKH
_dFISKH
082 _a502
100 _aAnonymous
245 _aOver 1000 fantastic sscience facts :
_bInventions, animals, human body, plants, space, great scinctists /
260 _aUnited Kingdom :
_bMiles Kelly,
_c2012.
300 _a512 pages :
_bcolor illustrations ;
_c23 cm
520 _aThis title provides children with a mass of knowledge about science in over 1000 numbered facts. The numbering acts as a benchmark, so children can clearly chart their progress as they explore a fascinating world of discovery.
650 _aScience
_vFact
942 _2ddc
_cBK
_n0
999 _c8114
_d8114